000
00297nam a2200121Ia 4500
008
190216s9999||||xx |||||||||||||| ||und||
100
_a
Marmaduke Pickethall
245
4
_a
The Meaning Of The Quran
260
_b
George Allen & Unwin Ltd
_c
1957
300
_a
693p
650
_a
Qur`An
942
_c
BK
999
_c
21935
_d
21935